00746nam a22001817a 4500003000200000005001700002008004100019050002300060100002400083245008500107260007200192300004500264504005700309650004400366650005900410650004500469650005000514020250120125130.0250120b xxu||||| |||| 00| 0 eng d aHG 1709b.J42 2024 aJayme, Sigfredo N.  aProject P2one: an enhanced one single online banking facilitycSigfredo N. Jayme aLas Pinas CitybSouthville International School and Collegescc2024 axii, 98 pages :billustrations ;c29cm.  aIncludes bibliographical references and appendices.  aElectronic banking—Security measures. aOnline financial services—Technological innovations. aMobile banking—Usability and adoption. aFinancial technology (FinTech)—Applications